| 000 | 00886nam a22002417a 4500 | ||
|---|---|---|---|
| 999 |
_c22488 _d22488 |
||
| 003 | AR-CdUCM | ||
| 008 | 190409b ||||| |||| 00| 0 spa d | ||
| 020 | _a9786123028787 | ||
| 040 |
_aMUNICIPALIDAD PROVINCIAL DEL CUSCO _cBIBLIOTECA MUNICIPAL DEL CUSCO |
||
| 082 |
_a001.42/V19 _bV19 |
||
| 100 |
_aValderrama Mendoza, Santiago R _948309 |
||
| 245 |
_aPasos para elaborar proyectos de investigación científica : _bcuantitativa, cualitativa y mixta / _cSantiago Valderrama Mendoza |
||
| 260 |
_aLima : _bEditorial San Marcos, _c2020. |
||
| 300 |
_a495 páginas : _bdiagramas ; _c25 cm. |
||
| 500 | _zBibliografía: páginas [487]-489. | ||
| 650 |
_aInvestigación _91940 |
||
| 650 |
_aMetodología _92264 |
||
| 650 |
_aCiencia _92098 |
||
| 650 |
_aProyectos de investigación _929334 |
||
| 650 |
_aTesis y disertaciones académicas _932113 |
||
| 942 |
_2ddc _cLIBROS |
||
| 945 | _arac | ||